[Event "Superettan(Limhamn II-Sollentuna)"]
[Site "?"]
[Date "2013.11.23"]
[Round "2"]
[White "Morling, Joakim"]
[Black "Stromback, Henrik"]
[Result "1/2-1/2"]
[WhiteElo "2038"]
[BlackElo "1862"]
[PlyCount "109"]

1. d4 d5 2. c4 e6 3. Nc3 f5 4. Nf3 Nf6 5. Bg5 Be7 6. e3 c6 7. c5 Nbd7 8. Be2
O-O 9. O-O Ne4 10. Bxe7 Qxe7 11. Ne1 e5 12. Nc2 Kh8 13. f3 Nef6 14. b4 b6 15.
Qd2 Bb7 16. cxb6 axb6 17. dxe5 Nxe5 18. Nd4 Ne8 19. e4 dxe4 20. fxe4 fxe4 21.
Qg5 Nf6 22. Nf5 Qc7 23. Nxg7 Qxg7 24. Qxe5 Rae8 25. Qg3 Qxg3 26. hxg3 Kg7 27.
a4 Nd5 28. Rxf8 Kxf8 29. Nxd5 cxd5 30. a5 bxa5 31. bxa5 Ra8 32. a6 Bc8 33. Bb5
Ke7 34. Kf2 Kd6 35. Rc1 Ke5 36. Bc6 Rxa6 37. Bxd5 Kxd5 38. Rxc8 Ra2+ 39. Ke3
Rxg2 40. Rd8+ Ke5 41. Re8+ Kf5 42. Rf8+ Kg4 43. Kxe4 Rxg3 44. Rg8+ Kh4 45. Rh8
h5 46. Kf4 Rg7 47. Kf3 Rg5 48. Kf4 Rg4+ 49. Kf3 Rg3+ 50. Kf4 Rg4+ 51. Kf3 Rg7
52. Rh6 Rg3+ 53. Kf4 Rg8 54. Kf3 Kg5 55. Ra6 1/2-1/2

[Event "Superettan(Schack 08-Manhem I)"]
[Site "?"]
[Date "2013.11.23"]
[Round "2"]
[White "Winsnes, Rikard"]
[Black "Laveryd, Peter"]
[Result "1/2-1/2"]
[WhiteElo "2489"]
[BlackElo "2438"]
[PlyCount "47"]

1. e4 e6 2. d4 d5 3. Nd2 c5 4. exd5 exd5 5. Ngf3 Nc6 6. Be2 Bd6 7. O-O Nge7 8.
dxc5 Bxc5 9. Nb3 Bd6 10. Bg5 O-O 11. Bh4 Qb6 12. Qd2 Bg4 13. Bxe7 Nxe7 14. Nfd4
Bxe2 15. Qxe2 Nc6 16. Nf5 Rfe8 17. Qg4 Be5 18. c3 g6 19. Rfe1 h5 20. Qg5 Qd8
21. Qxd8 Raxd8 22. Nfd4 Bxd4 23. Nxd4 Nxd4 24. cxd4 1/2-1/2

[Event "Superettan(Schack 08-Manhem I)"]
[Site "?"]
[Date "2013.11.23"]
[Round "2"]
[White "Ingbrant, Johan"]
[Black "Welin, Mats"]
[Result "1/2-1/2"]
[WhiteElo "2440"]
[BlackElo "2384"]
[PlyCount "47"]

1. Nf3 d5 2. c4 d4 3. b4 Bg4 4. Ne5 Bf5 5. e3 f6 6. Bd3 Bxd3 7. Nxd3 dxe3 8.
dxe3 Qd7 9. Nc3 Nc6 10. Qe2 e5 11. O-O O-O-O 12. Rd1 Qf7 13. b5 Na5 14. c5 Qc4
15. Bb2 Nh6 16. Rac1 e4 17. Nf4 Bxc5 18. Nxe4 Rxd1+ 19. Qxd1 Qxe4 20. Rxc5 Rd8
21. Qc1 Rd7 22. Bd4 b6 23. f3 Qe7 24. Rd5 1/2-1/2

[Event "Superettan(Schack 08-Manhem I)"]
[Site "?"]
[Date "2013.11.23"]
[Round "2"]
[White "Akesson, Joel"]
[Black "Schutz, Ingemar"]
[Result "1-0"]
[WhiteElo "2358"]
[BlackElo "2242"]
[PlyCount "89"]

1. c4 g6 2. g3 Bg7 3. Bg2 d6 4. Nc3 e5 5. e3 Nf6 6. Nge2 O-O 7. O-O c6 8. b3
Re8 9. e4 Be6 10. d3 Qd7 11. Bg5 Bh3 12. Qd2 Bxg2 13. Kxg2 Na6 14. f3 Nc7 15.
Rac1 Ne6 16. h4 Nc7 17. Rfd1 d5 18. cxd5 cxd5 19. Na4 b6 20. Qc2 Ne6 21. Qc6 d4
22. Bxf6 Qxc6 23. Rxc6 Bxf6 24. Rdc1 Be7 25. R1c2 Kf8 26. Nb2 Bc5 27. Nc4 f6
28. f4 exf4 29. Nxf4 Nxf4+ 30. gxf4 Be7 31. Nd6 Red8 32. Nb5 Rd7 33. Rc7 Rad8
34. Rxa7 f5 35. exf5 gxf5 36. h5 Rxa7 37. Nxa7 Bc5 38. b4 Bd6 39. Nc6 Rd7 40.
Kf3 Kf7 41. Ne5+ Bxe5 42. fxe5 Ke6 43. Kf4 Kd5 44. Rc8 Ra7 45. Rd8+ 1-0

[Event "Superettan(Schack 08-Manhem I)"]
[Site "?"]
[Date "2013.11.23"]
[Round "2"]
[White "Landgren, Philip"]
[Black "Faldt, Magnus"]
[Result "1-0"]
[WhiteElo "2313"]
[BlackElo "2179"]
[PlyCount "79"]

1. d4 d5 2. c4 c6 3. cxd5 cxd5 4. Nc3 Nf6 5. Bf4 Nc6 6. e3 a6 7. Bd3 e6 8. h3
b5 9. Nf3 Bb7 10. O-O Be7 11. Rc1 Rc8 12. Bb1 Qb6 13. Ne5 h6 14. Qd3 Nb8 15. f3
Nbd7 16. Ne2 Bd6 17. Rxc8+ Bxc8 18. Rc1 Bb7 19. Qd2 Ke7 20. Nxd7 Kxd7 21. Bxd6
Qxd6 22. Nf4 Rc8 23. Nd3 Rxc1+ 24. Qxc1 Ke7 25. Nc5 Qc7 26. Qc3 Nd7 27. Kf2 Bc8
28. Bd3 Nb8 29. a4 bxa4 30. Qa3 Kd8 31. Qxa4 Qb6 32. Qa3 Ke8 33. b3 Kd8 34. Na4
Qc6 35. Qf8+ Qe8 36. Qxg7 Nc6 37. Qxh6 Nb4 38. Qf6+ Kc7 39. Nc5 a5 40. Qe5+ 1-0

[Event "Superettan(Schack 08-Manhem I)"]
[Site "?"]
[Date "2013.11.23"]
[Round "2"]
[White "Arvidsson, Tomas"]
[Black "Berggren Torell, Harald"]
[Result "1/2-1/2"]
[WhiteElo "2008"]
[BlackElo "2217"]
[PlyCount "101"]
[SourceDate "2013.12.06"]

1. e4 d6 2. d4 Nf6 3. f3 d5 4. e5 Nfd7 5. e6 fxe6 6. f4 c5 7. Bd3 Nf6 8. c3 Qb6
9. Nf3 Nc6 10. dxc5 Qxc5 11. b4 Qb6 12. b5 Na5 13. Ne5 g6 14. Qc2 Rg8 15. Qe2
Nd7 16. Be3 Qd6 17. Bd4 Bg7 18. O-O b6 19. Nd2 Nc5 20. Bc2 Bb7 21. a4 Nd7 22.
Nxd7 Kxd7 23. Nf3 Bf6 24. Ne5+ Bxe5 25. fxe5 Qc7 26. Rf7 Rh8 27. Raf1 Nc4 28.
R1f6 Bc8 29. Qg4 Kd8 30. Qf4 Bd7 31. Rf8+ Rxf8 32. Rxf8+ Be8 33. Qf7 Kd7 34.
Qf4 a6 35. bxa6 Rxa6 36. Rh8 Na3 37. Qf8 Qd8 38. Bb3 b5 39. Rxh7 bxa4 40. Bd1
Ra5 41. Bxa4+ Rxa4 42. Bc5 Kc6 43. Rxe7 Nc4 44. Rxe6+ Kb5 45. h3 Qc8 46. Bd4
Qxe6 47. Qc5+ Ka6 48. Qa7+ Kb5 49. Qc5+ Ka6 50. Qa7+ Kb5 51. Qc5+ 1/2-1/2

[Event "Superettan(Schack 08-Manhem I)"]
[Site "?"]
[Date "2013.11.23"]
[Round "2"]
[White "Kinnmark, Ove"]
[Black "Andersson, Bo"]
[Result "1/2-1/2"]
[WhiteElo "2235"]
[BlackElo "1965"]
[PlyCount "62"]

1. e4 c5 2. Nf3 Nc6 3. Bb5 e6 4. O-O Nge7 5. Re1 a6 6. Bf1 d5 7. exd5 Nxd5 8.
d4 cxd4 9. Nxd4 Bd7 10. Nb3 Be7 11. c4 Nf6 12. Be3 Qc7 13. Nc3 O-O 14. h3 Na5
15. Nxa5 Qxa5 16. a3 Rfd8 17. Qc2 Rac8 18. b4 Qc7 19. Rad1 b5 20. c5 Bc6 21.
Rxd8+ Rxd8 22. Rd1 Nd5 23. Nxd5 Bxd5 24. a4 Bc6 25. axb5 axb5 26. Ra1 f5 27.
Rd1 Qe5 28. Qc1 Qe4 29. Rxd8+ Bxd8 30. Qd2 Bc7 31. f3 Qb1 1/2-1/2

[Event "Superettan(Schack 08-Manhem I)"]
[Site "?"]
[Date "2013.11.23"]
[Round "2"]
[White "Stenman, Christoffer"]
[Black "Fendrich, David"]
[Result "0-1"]
[WhiteElo "1935"]
[BlackElo "2265"]
[PlyCount "88"]

1. e4 c5 2. Nc3 e6 3. g3 Nc6 4. Bg2 g6 5. d3 Bg7 6. f4 Nge7 7. Nf3 O-O 8. e5 d6
9. exd6 Nf5 10. O-O Qxd6 11. Ne4 Qe7 12. c3 h5 13. Qe2 b6 14. Ne5 Bb7 15. Nxc6
Bxc6 16. Nf6+ Bxf6 17. Bxc6 Rad8 18. Be4 Rd6 19. Rd1 Rfd8 20. Bd2 Qd7 21. Be1
Ne7 22. Rd2 Nd5 23. Bxd5 Rxd5 24. Rad1 e5 25. c4 Rd6 26. fxe5 Re6 27. d4 cxd4
28. Rxd4 Qxd4+ 29. Rxd4 Rxd4 30. Bc3 Bxe5 31. Kg2 Rd8 32. Bxe5 Rde8 33. Kf3
Rxe5 34. Qd3 Rf5+ 35. Kg2 Ree5 36. b4 h4 37. Qd8+ Kg7 38. Qxh4 Re2+ 39. Kg1
Re1+ 40. Kg2 Re2+ 41. Kg1 Rd2 42. g4 Re5 43. g5 Ree2 44. Kf1 Rxh2 0-1

[Event "Superettan(Manhem II-Kungstornet)"]
[Site "?"]
[Date "2013.11.23"]
[Round "2"]
[White "Lyrberg, Patrik"]
[Black "Andersson, Goran"]
[Result "1-0"]
[WhiteElo "2540"]
[BlackElo "2212"]
[PlyCount "65"]

1. Nf3 c5 2. e4 e6 3. d4 cxd4 4. Nxd4 a6 5. Be3 Nf6 6. Nc3 Bb4 7. Bd3 Qc7 8.
O-O Bxc3 9. bxc3 Qxc3 10. e5 Nd5 11. Qg4 g6 12. Bh6 Nc6 13. Nxc6 dxc6 14. Rfe1
Bd7 15. Qh4 c5 16. Rad1 Bc6 17. Be4 Qc4 18. Bg7 Rg8 19. Bf6 h5 20. a3 b5 21.
Re3 Kd7 22. Bg5 Kc7 23. Rf3 Rg7 24. h3 Rc8 25. Re1 b4 26. axb4 cxb4 27. Qg3 Kb8
28. Bd3 Qc3 29. Rb1 Qc5 30. Bxa6 Rc7 31. c4 Nb6 32. Rfb3 Ra7 33. Be3 1-0

[Event "Superettan(Manhem II-Kungstornet)"]
[Site "?"]
[Date "2013.11.23"]
[Round "2"]
[White "Outgajjouft, Said"]
[Black "Larsson, Anders"]
[Result "1/2-1/2"]
[WhiteElo "2171"]
[BlackElo "2367"]
[PlyCount "148"]
[EventDate "2013.??.??"]

1. e4 e6 2. d4 d5 3. exd5 exd5 4. Bd3 c5 5. dxc5 Bxc5 6. Nd2 Nf6 7. Nb3 Be7 8.
Ne2 Nc6 9. c3 O-O 10. O-O Re8 11. Bg5 h6 12. Bh4 Ne5 13. Nbd4 Nxd3 14. Qxd3 Ne4
15. Bxe7 Qxe7 16. Ng3 Bd7 17. Rfe1 Bc6 18. Nxc6 bxc6 19. Nxe4 dxe4 20. Qc4 Rab8
21. Re2 Qe6 22. Qxe6 Rxe6 23. Rd1 Re5 24. Rd6 Rd5 25. Rxd5 cxd5 26. f3 f5 27.
fxe4 dxe4 28. g4 f4 29. Rxe4 Rxb2 30. Rxf4 Rxa2 31. Rf3 Rc2 32. h3 a5 33. Rf5
Rxc3 34. Rxa5 Rxh3 35. Kg2 Rb3 36. Ra7 Kh7 37. Ra6 Rb5 38. Kg3 Rb3+ 39. Kg2 Rb5
40. Kg3 Rg5 41. Kf4 Rg6 42. Ra5 Rf6+ 43. Kg3 Kg6 44. Rb5 Rc6 45. Kf4 Kf6 46.
Rf5+ Ke6 47. Re5+ Kf7 48. Ra5 Rc4+ 49. Kg3 Rc3+ 50. Kg2 Kf6 51. Rf5+ Ke6 52.
Ra5 Rd3 53. Ra7 Rd7 54. Ra5 Rd5 55. Ra7 Kf6 56. Kg3 Rd3+ 57. Kg2 g6 58. Ra5 Re3
59. Rb5 Re5 60. Rb6+ Kg5 61. Kg3 Re3+ 62. Kg2 Rc3 63. Ra6 Rc2+ 64. Kg3 Rc3+ 65.
Kg2 Rd3 66. Rb6 Ra3 67. Rc6 Ra4 68. Kh3 Ra3+ 69. Kg2 Rb3 70. Ra6 h5 71. gxh5
Kxh5 72. Ra4 g5 73. Rc4 Rb2+ 74. Kg3 Rb3+ 1/2-1/2

[Event "Superettan(Manhem II-Kungstornet)"]
[Site "?"]
[Date "2013.11.23"]
[Round "2"]
[White "Wikner, Arvid"]
[Black "Alwaeli, Laith"]
[Result "1-0"]
[WhiteElo "2289"]
[BlackElo "2113"]
[PlyCount "107"]

1. e4 c5 2. Nf3 Nc6 3. d4 cxd4 4. Nxd4 Nf6 5. Nc3 e5 6. Ndb5 d6 7. Nd5 Nxd5 8.
exd5 Nb8 9. c4 Be7 10. Be2 O-O 11. O-O a6 12. Nc3 f5 13. a4 a5 14. Ra3 Nd7 15.
Nb5 Nc5 16. Bd2 Bd7 17. b4 axb4 18. Bxb4 Bxb5 19. cxb5 b6 20. Bc4 Qc7 21. Ba2
Kh8 22. Bb1 g6 23. Qd2 Bf6 24. Bxc5 Qxc5 25. Rh3 Bg7 26. Rc1 Qd4 27. Qxd4 exd4
28. Ra3 Rfc8 29. Rc6 Bh6 30. Kf1 Bd2 31. Rd3 Bb4 32. Rxd4 Bc5 33. Rc4 Kg7 34.
Bc2 Rab8 35. Bb3 Ra8 36. g3 Rf8 37. Rc2 Rae8 38. Re2 Rxe2 39. Kxe2 Re8+ 40. Kf1
h6 41. a5 bxa5 42. b6 Re4 43. Rc7+ Kf6 44. b7 Rb4 45. Ba4 Ba7 46. Bc6 a4 47.
Rc8 a3 48. Ra8 Rb1+ 49. Ke2 Rb2+ 50. Kd3 Rb3+ 51. Kc4 a2 52. Rxa7 Rc3+ 53. Kxc3
a1=Q+ 54. Rxa1 1-0

[Event "Superettan(Manhem II-Kungstornet)"]
[Site "?"]
[Date "2013.11.23"]
[Round "2"]
[White "Aira, Johannes"]
[Black "Engstrom, Kaj"]
[Result "1/2-1/2"]
[WhiteElo "2157"]
[BlackElo "2284"]
[PlyCount "104"]

1. e4 c5 2. d4 cxd4 3. c3 d3 4. Bxd3 Nc6 5. Qe2 e6 6. Nf3 Qc7 7. O-O Nf6 8. Nd4
d6 9. Na3 a6 10. f4 Bd7 11. Be3 Be7 12. Rae1 e5 13. fxe5 Nxe5 14. Nf5 Bxf5 15.
Rxf5 O-O 16. Bd4 Nfd7 17. Nc4 Bf6 18. Ne3 Nxd3 19. Qxd3 Bxd4 20. Qxd4 Qb6 21.
Rd5 Qxd4 22. Rxd4 g6 23. Rxd6 Nc5 24. Rd4 Ne6 25. Rb4 b5 26. Nd1 Nc5 27. Rd4
Kg7 28. Kf2 f5 29. exf5 Rxf5+ 30. Kg1 Raf8 31. Re7+ Kh6 32. Ne3 Rf4 33. g3 Rxd4
34. cxd4 Nd3 35. b3 Rc8 36. Kg2 Ne1+ 37. Kh3 Nf3 38. d5 Kg5 39. d6 Rd8 40. d7
h5 41. Nd5 Kf5 42. Rf7+ Ke4 43. Rf4+ Kxd5 44. Rxf3 Rxd7 45. Rd3+ Ke6 46. Rxd7
Kxd7 47. Kh4 Ke6 48. Kg5 Kf7 49. b4 Kg7 50. h4 Kf7 51. Kh6 Kf6 52. Kh7 Kf7
1/2-1/2

[Event "Superettan(Manhem II-Kungstornet)"]
[Site "?"]
[Date "2013.11.23"]
[Round "2"]
[White "Henriksson, Johan"]
[Black "Larsson, Dan"]
[Result "1-0"]
[WhiteElo "2279"]
[BlackElo "2085"]
[PlyCount "85"]

1. d4 d5 2. Nf3 Nf6 3. c4 c6 4. Nc3 dxc4 5. a4 Bf5 6. Ne5 Nbd7 7. Nxc4 Qc7 8.
g3 e5 9. dxe5 Nxe5 10. Bf4 Nfd7 11. Bg2 f6 12. O-O Be7 13. Rc1 O-O 14. Nd5 Qd8
15. Nxe7+ Qxe7 16. Qd6 Qf7 17. Na5 Rab8 18. Rfd1 Rfe8 19. Qb4 c5 20. Qc3 b6 21.
Nb7 Re7 22. b4 cxb4 23. Qxb4 Be6 24. Nd6 Qf8 25. Nb5 Nc5 26. Nd4 Bd7 27. a5 Kh8
28. axb6 axb6 29. Nb5 Ne6 30. Be3 Nf7 31. Nc7 Nxc7 32. Rxc7 Rd8 33. Qxb6 Bh3
34. Rdc1 Bxg2 35. Kxg2 Rxc7 36. Qxc7 Qe8 37. Qb7 Rb8 38. Qd5 Rd8 39. Qf5 Nd6
40. Qf3 Qe4 41. Rd1 Qxf3+ 42. Kxf3 g6 43. Bb6 1-0

[Event "Superettan(Manhem II-Kungstornet)"]
[Site "?"]
[Date "2013.11.23"]
[Round "2"]
[White "Pettersson, Anders"]
[Black "Holmquist, Gunnar"]
[Result "1-0"]
[WhiteElo "2089"]
[BlackElo "2247"]
[PlyCount "71"]
[EventDate "2013.??.??"]

1. d4 Nf6 2. c4 e6 3. Nc3 d5 4. Bg5 Be7 5. e3 h6 6. Bh4 O-O 7. Nf3 b6 8. cxd5
Nxd5 9. Bxe7 Qxe7 10. Nxd5 exd5 11. Bd3 Be6 12. Rc1 c5 13. O-O Nc6 14. Qa4 Rfc8
15. dxc5 bxc5 16. Qa3 Nb4 17. Bb1 a5 18. Qc3 d4 19. exd4 cxd4 20. Qxd4 Nxa2 21.
Rxc8+ Rxc8 22. Qe4 f5 23. Qe5 Rc5 24. Qe3 Qd6 25. Re1 Bf7 26. Nd4 g6 27. Nb3
Rc4 28. Bxa2 Re4 29. Qc3 Ra4 30. Nc1 Bxa2 31. Nxa2 Re4 32. h3 Rxe1+ 33. Qxe1
Qd5 34. Nc3 Qb7 35. Qe8+ Kg7 36. Qe5+ 1-0

[Event "Superettan(Manhem II-Kungstornet)"]
[Site "?"]
[Date "2013.11.23"]
[Round "2"]
[White "Holving, Rasmus"]
[Black "Bengtsson, Jonas"]
[Result "1-0"]
[WhiteElo "2256"]
[BlackElo "2068"]
[PlyCount "111"]

1. Nc3 Nf6 2. e4 d5 3. exd5 Nxd5 4. Nge2 e6 5. d4 Be7 6. Nxd5 exd5 7. Ng3 O-O
8. Be2 Re8 9. O-O c6 10. Bf4 g6 11. Qd2 Nd7 12. Rae1 Nf8 13. Bd3 Ne6 14. Be3
Ng7 15. c3 Be6 16. Bh6 Qd7 17. Qc2 Bd6 18. Be3 Qc7 19. f4 f5 20. Qf2 Re7 21.
Ne2 Ne8 22. Nc1 Nf6 23. h3 Ne4 24. Qf3 g5 25. g3 Rg7 26. Bxe4 fxe4 27. Qg2 gxf4
28. Bxf4 Bxf4 29. Rxf4 Qxf4 30. gxf4 Bxh3 31. Qxg7+ Kxg7 32. Kf2 Rg8 33. Rh1
Bf5 34. Ne2 Bg4 35. Ng3 Rh8 36. c4 h5 37. cxd5 cxd5 38. Nf1 Kf6 39. Ne3 Be6 40.
Kg3 Bf7 41. Kh4 Rc8 42. Rg1 Rc6 43. Rg5 Rd6 44. Rf5+ Kg6 45. Rg5+ Kf6 46. Rf5+
Kg6 47. Re5 Kf6 48. a3 Rd8 49. Rf5+ Kg6 50. Rxh5 Kf6 51. Re5 Rd6 52. Ng4+ Kg6
53. f5+ Kg7 54. Re7 Kf8 55. Rxb7 Ra6 56. Kg5 1-0

[Event "Superettan(Manhem II-Kungstornet)"]
[Site "?"]
[Date "2013.11.23"]
[Round "2"]
[White "Lundstrom, Mattias"]
[Black "Aronsson, Marten"]
[Result "1-0"]
[WhiteElo "2078"]
[BlackElo "2226"]
[PlyCount "101"]

1. e4 e5 2. Nf3 Nc6 3. d4 exd4 4. Nxd4 Nf6 5. Nxc6 bxc6 6. e5 Qe7 7. Qe2 Nd5 8.
c4 Ba6 9. Nd2 Nb6 10. b3 d5 11. exd6 cxd6 12. Bb2 d5 13. Qxe7+ Bxe7 14. cxd5
Bxf1 15. Kxf1 O-O-O 16. Nf3 Rxd5 17. Bxg7 Rhd8 18. g3 f6 19. Bh6 Rh5 20. Be3
Nd5 21. Bd2 Bb4 22. Bxb4 Nxb4 23. Kg2 Rhd5 24. Rhc1 Kb7 25. a3 Nd3 26. Rc2 a5
27. Ne1 Ne5 28. Rac1 R8d6 29. Rc3 h5 30. h3 f5 31. Rc5 f4 32. Rxd5 Rxd5 33.
gxf4 Ng6 34. Kf3 Rd4 35. Rc4 Rd1 36. Re4 Nh4+ 37. Ke2 Rb1 38. b4 Rb3 39. bxa5
Rxa3 40. Re5 Ra2+ 41. Ke3 Ra3+ 42. Nd3 Ka6 43. f5 Ng2+ 44. Ke2 Nh4 45. f6 Ra2+
46. Ke3 Rxa5 47. Nb4+ Kb6 48. Rxa5 Kxa5 49. Nxc6+ Kb6 50. Ne7 Ng2+ 51. Ke4 1-0

[Event "Superettan(Solna-Kamraterna)"]
[Site "?"]
[Date "2013.11.23"]
[Round "2"]
[White "Aberg, Anton"]
[Black "Bergstrom, Christer"]
[Result "1/2-1/2"]
[WhiteElo "2412"]
[BlackElo "2376"]
[PlyCount "80"]

1. d4 Nf6 2. Bg5 Ne4 3. Bf4 d5 4. f3 Nf6 5. e4 dxe4 6. Nc3 Bf5 7. Qe2 Nc6 8.
O-O-O exf3 9. Qb5 fxg2 10. Bxg2 Bd7 11. Qxb7 Rb8 12. Qxc7 Qxc7 13. Bxc7 Rc8 14.
Bf4 Bg4 15. Nf3 e6 16. d5 exd5 17. Rhe1+ Be7 18. Nb5 Kd7 19. Bg5 Be6 20. Nbd4
Nxd4 21. Ne5+ Ke8 22. Rxd4 Bf5 23. Nd3 Be6 24. Ra4 Rc7 25. Bxf6 Bxf6 26. Bxd5
Kd7 27. Bxe6+ fxe6 28. Rae4 Re8 29. c4 Rc6 30. Kc2 Rec8 31. c5 a5 32. Ra4 Rxc5+
33. Nxc5+ Rxc5+ 34. Kb1 e5 35. Rae4 Ke6 36. a3 Kd5 37. b4 Rc3 38. Kb2 axb4 39.
axb4 Rh3 40. R1e2 h5 1/2-1/2

[Event "Superettan(Solna-Kamraterna)"]
[Site "?"]
[Date "2013.11.23"]
[Round "2"]
[White "Karlsson, Tomas"]
[Black "Svensson, Bengt"]
[Result "1-0"]
[WhiteElo "2304"]
[BlackElo "2408"]
[PlyCount "47"]

1. e4 c5 2. Nc3 Nc6 3. f4 g6 4. Nf3 Bg7 5. Bc4 e6 6. f5 Nge7 7. fxe6 fxe6 8. d3
d5 9. Bb3 b5 10. O-O c4 11. dxc4 dxc4 12. Qxd8+ Kxd8 13. Rd1+ Bd7 14. Nxb5 cxb3
15. axb3 h6 16. Ra6 Kc8 17. Be3 Kb7 18. Rxd7+ Kxa6 19. Nc7+ Ka5 20. c3 Rac8 21.
b4+ Ka4 22. Nxe6 Bf6 23. Nc5+ Kb5 24. Rb7+ 1-0

[Event "Superettan(Solna-Kamraterna)"]
[Site "?"]
[Date "2013.11.23"]
[Round "2"]
[White "Mohammadi, Amir"]
[Black "Johansson, Gunnar"]
[Result "1/2-1/2"]
[WhiteElo "2292"]
[BlackElo "2257"]
[PlyCount "47"]

1. e4 c5 2. Nc3 Nc6 3. g3 g6 4. Bg2 Bg7 5. d3 d6 6. Be3 e6 7. Qd2 Rb8 8. f4
Nge7 9. Nf3 O-O 10. h4 h5 11. d4 d5 12. O-O-O dxe4 13. Nxe4 cxd4 14. Nxd4 Nxd4
15. Bxd4 Bxd4 16. Qxd4 Qxd4 17. Rxd4 Nf5 18. Rd3 b6 19. Nd6 Nxd6 20. Rxd6 Bb7
21. Bxb7 Rxb7 22. Rhd1 Rc8 23. R1d3 Kf8 24. c3 1/2-1/2

[Event "Superettan(Solna-Kamraterna)"]
[Site "?"]
[Date "2013.11.23"]
[Round "2"]
[White "Jonsson, Mikael"]
[Black "Madebrink, Lars"]
[Result "0-1"]
[WhiteElo "2357"]
[BlackElo "2236"]
[PlyCount "74"]

1. d4 Nf6 2. c4 g6 3. Nc3 Bg7 4. e4 d6 5. Nf3 O-O 6. Be2 e5 7. O-O Nbd7 8. Be3
Ng4 9. Bg5 f6 10. Bc1 c6 11. h3 Nh6 12. dxe5 dxe5 13. Be3 Qe7 14. Qa4 a5 15. c5
Nf7 16. Bc4 Kh8 17. Qa3 f5 18. exf5 gxf5 19. Bxf7 Qxf7 20. Rad1 f4 21. Bd2 Qg6
22. Rfe1 Bf6 23. Ne4 Rg8 24. g3 fxg3 25. Nxg3 e4 26. Nh2 Ne5 27. Bc3 Nd3 28.
Re2 Nf4 29. Rxe4 Nxh3+ 30. Kg2 Bf5 31. Bxf6+ Qxf6 32. Re2 Nf4+ 33. Kf1 Nxe2 34.
Nxf5 Qxf5 35. Kxe2 Rge8+ 36. Kf1 Qe5 37. Kg1 Rad8 0-1

[Event "Superettan(Solna-Kamraterna)"]
[Site "?"]
[Date "2013.11.23"]
[Round "2"]
[White "Svenn, Matti"]
[Black "Landgren, Andreas"]
[Result "0-1"]
[WhiteElo "2222"]
[BlackElo "2249"]
[PlyCount "110"]

1. d4 d5 2. c4 e6 3. Nc3 c6 4. Nf3 dxc4 5. a4 Bb4 6. e3 b5 7. Be2 Bb7 8. O-O a6
9. Ne4 Nd7 10. b3 cxb3 11. Qxb3 Be7 12. Ba3 Ngf6 13. Nd6+ Bxd6 14. Bxd6 Nb6 15.
Bc5 Qd5 16. Qb1 Nbd7 17. Ba3 Ne4 18. Qb4 O-O-O 19. axb5 cxb5 20. Qa5 Kb8 21.
Rfb1 Rc8 22. Bb4 Rc6 23. Be1 Rb6 24. Bf1 f6 25. Qa3 Re8 26. Nd2 Nxd2 27. Bxd2
h5 28. Qd3 f5 29. f3 h4 30. Re1 Nf6 31. Rac1 Rc6 32. Rxc6 Qxc6 33. Rc1 Qd7 34.
h3 Rc8 35. Rxc8+ Qxc8 36. Qa3 Qd7 37. Qf8+ Bc8 38. Be1 Nd5 39. Bf2 g5 40. e4
fxe4 41. fxe4 Qe7 42. Qf3 Nf4 43. Be1 Bb7 44. Bxh4 Nxh3+ 45. gxh3 gxh4 46. Qf4+
Ka8 47. Qe5 Qb4 48. d5 Qc5+ 49. Kh2 exd5 50. Qh8+ Ka7 51. Qxh4 dxe4 52. Qf6 e3
53. h4 Qd5 54. Qf4 Qh1+ 55. Kg3 Qg1+ 0-1

[Event "Superettan(Solna-Kamraterna)"]
[Site "?"]
[Date "2013.11.23"]
[Round "2"]
[White "Lindborg, Petter"]
[Black "Andersson, Johan"]
[Result "1-0"]
[WhiteElo "2242"]
[BlackElo "2217"]
[PlyCount "115"]

1. d4 d6 2. Nf3 Bg4 3. c4 Nd7 4. Qb3 Rb8 5. h3 Bxf3 6. Qxf3 g6 7. Nc3 Bg7 8.
Qd3 c5 9. e3 Ngf6 10. Be2 a6 11. O-O O-O 12. Rb1 Qc7 13. Bd2 Rfc8 14. Rfc1 b6
15. b3 Qa7 16. Rd1 Rc7 17. Be1 Rbc8 18. f4 cxd4 19. exd4 e6 20. Bf3 Qb8 21. Kh1
Bh6 22. Bd2 Bg7 23. Re1 Qa7 24. Rbd1 Ne8 25. Ne2 Qb8 26. a4 Rd8 27. Nc3 Qc8 28.
a5 Qb8 29. axb6 Nxb6 30. Ne2 Rdc8 31. Ba5 Ra7 32. Nc3 Nd7 33. Na4 Nef6 34. b4
d5 35. c5 Qxf4 36. Re2 e5 37. dxe5 Nxe5 38. Qb3 Nxf3 39. Qxf3 Qxf3 40. gxf3 Nh5
41. Red2 Nf4 42. Nb6 Rc6 43. Nxd5 Nxh3 44. Bd8 h6 45. Ne7+ Rxe7 46. Bxe7 Bc3
47. Rd8+ Kg7 48. Bf8+ Kh7 49. R1d6 Rc7 50. Rb6 Ng5 51. Bd6 Ra7 52. c6 Ne6 53.
Rd7 Rxd7 54. cxd7 Bf6 55. Rxa6 g5 56. b5 Kg6 57. b6 Nd8 58. Bc7 1-0

[Event "Superettan(Solna-Kamraterna)"]
[Site "?"]
[Date "2013.11.23"]
[Round "2"]
[White "Martensson, Ulf"]
[Black "Steneskog, Per"]
[Result "0-1"]
[WhiteElo "2130"]
[BlackElo "2247"]
[PlyCount "76"]

1. d4 d5 2. Nf3 c5 3. e3 Nf6 4. dxc5 e6 5. c4 Bxc5 6. a3 O-O 7. b4 Be7 8. Bb2
a5 9. b5 a4 10. Nbd2 Nbd7 11. Be2 Nc5 12. O-O Bd7 13. Ne5 Be8 14. Bd4 Nfe4 15.
Nef3 Qa5 16. Nxe4 Nxe4 17. cxd5 exd5 18. Qd3 Bd7 19. Bb2 Be6 20. Nd4 Rac8 21.
Rfc1 Bf6 22. f3 Nc5 23. Qd1 Qb6 24. Rc2 Nb3 25. Rb1 Bxd4 26. Bxd4 Nxd4 27. exd4
Rxc2 28. Qxc2 Qxd4+ 29. Kf1 Rc8 30. Qd1 Qe3 31. Qxa4 h5 32. Qb4 d4 33. Rd1 Rc1
34. Rxc1 Qxc1+ 35. Kf2 Qe3+ 36. Kf1 d3 37. Bd1 Qc1 38. Qe1 d2 0-1

[Event "Superettan(Solna-Kamraterna)"]
[Site "?"]
[Date "2013.11.23"]
[Round "2"]
[White "Bjarnehag, Peter"]
[Black "Eriksson, Magnus"]
[Result "0-1"]
[WhiteElo "2188"]
[BlackElo "2124"]
[PlyCount "84"]
[EventDate "2013.??.??"]

1. Nf3 Nf6 2. c4 g6 3. d4 Bg7 4. g3 O-O 5. Bg2 d5 6. cxd5 Nxd5 7. O-O Na6 8.
Nc3 Nxc3 9. bxc3 c5 10. Qb3 cxd4 11. cxd4 Nc5 12. Qc2 b6 13. Bb2 Bf5 14. Qd1
Be4 15. Ne1 Bxg2 16. Nxg2 Ne6 17. e3 Qd7 18. Rc1 Rfc8 19. Qe2 b5 20. Rfd1 Ng5
21. h4 Ne4 22. Nf4 h5 23. Nd3 Qg4 24. Qxg4 hxg4 25. Kf1 a5 26. Ke2 Kf8 27. a3
Ke8 28. Rxc8+ Rxc8 29. Rc1 Rxc1 30. Nxc1 e6 31. Nb3 a4 32. Nd2 f5 33. Nxe4 fxe4
34. Kd2 Bf8 35. Kc3 Kd7 36. Bc1 Kc6 37. Bb2 Kd5 38. Bc1 Be7 39. Bb2 Kc6 40. Bc1
b4+ 41. axb4 Kb5 42. Ba3 Bd6 0-1

[Event "Superettan(Kungstornet-Solna)"]
[Site "?"]
[Date "2013.11.24"]
[Round "3"]
[White "Karlsson, Tomas"]
[Black "Larsson, Anders"]
[Result "1-0"]
[WhiteElo "2304"]
[BlackElo "2367"]
[PlyCount "99"]

1. e4 e6 2. d4 d5 3. Nc3 Bb4 4. exd5 exd5 5. a3 Be7 6. Bd3 Nf6 7. Nf3 Bg4 8. h3
Bh5 9. g4 Bg6 10. Ne5 Bxd3 11. Qxd3 c6 12. Bf4 O-O 13. O-O-O Nbd7 14. Kb1 Nxe5
15. Bxe5 Nd7 16. Ne2 Re8 17. Bf4 Nb6 18. Ng3 Nc4 19. Bc1 a5 20. Nf5 Bf8 21. Ka2
a4 22. Rhe1 Qd7 23. Ne3 b5 24. c3 Nxe3 25. Rxe3 Rxe3 26. Qxe3 Re8 27. Qf3 Re4
28. Be3 Qe6 29. Kb1 Bd6 30. Rg1 Bh2 31. Rh1 Bf4 32. Re1 f5 33. gxf5 Qxf5 34.
Ka2 Qe6 35. Rf1 Bd6 36. Rg1 Qf7 37. Qg2 Bf8 38. Qg5 Re6 39. Qd8 Qe7 40. Qc8 Qe8
41. Qc7 Qf7 42. Qc8 Re8 43. Qxc6 Qe6 44. Qxb5 Rd8 45. Rg4 h5 46. Rg3 Bd6 47.
Rg5 Be7 48. Rxh5 Bf6 49. Bg5 Bxg5 50. Rxg5 1-0

[Event "Superettan(Kungstornet-Solna)"]
[Site "?"]
[Date "2013.11.24"]
[Round "3"]
[White "Wikner, Arvid"]
[Black "Johansson, Gunnar"]
[Result "1/2-1/2"]
[WhiteElo "2289"]
[BlackElo "2257"]
[PlyCount "65"]

1. e4 c5 2. Nf3 Nc6 3. d4 cxd4 4. Nxd4 e6 5. Be3 Qc7 6. Be2 Nf6 7. Bf3 Nxd4 8.
Bxd4 e5 9. Be3 Bc5 10. Bxc5 Qxc5 11. O-O O-O 12. Nc3 d6 13. Qd2 Be6 14. Rfd1
Rfd8 15. Nd5 Bxd5 16. exd5 Rac8 17. Rac1 Qc4 18. Be2 Qxa2 19. Qb4 Nxd5 20. Qxb7
Nf4 21. Bg4 Rb8 22. Rxd6 Re8 23. Qc7 Qxb2 24. Rcd1 h5 25. Bd7 Rf8 26. g3 Ne2+
27. Kg2 Nd4 28. Rd5 Qxc2 29. Qxc2 Nxc2 30. Ba4 Nb4 31. Rxe5 g6 32. Re7 Rfd8 33.
Rxd8+ 1/2-1/2